The 10 African countries with the highest divorce rate - Statistics

General Stats
  • This quiz has been taken 28 times
  • The average score is 7 of 10
Answer Stats
Rank % in 2015 Countries % Correct
1 2,077 Egypt
100%
5 1,500 Algeria
92%
6 1,328 Tunisia
92%
9 0,500 Libya
88%
10 0,456 South Africa
88%
7 1,136 Sudan
76%
4 1,594 Seychelles
64%
2 1,711 Mauritius
60%
3 1,680 Reunion (France)
16%
8 0,703 Mayotte (France)
4%
No matching quizzes found
Score Distribution
Percent of People with Each Score
Percentile by Number Answered
Your Score History
You have not taken this quiz